[Event "12th EUR-ch"]
[Site "Aix-les-Bains FRA"]
[Date "2011.03.31"]
[Round "9.31"]
[White "Palac, Mladen"]
[Black "Rublevsky, Sergei"]
[Result "0-1"]
[WhiteElo "2586"]
[BlackElo "2678"]
[EventDate "2011.03.22"]
[PlyCount "58"]

1.e4 c5 2.Nf3 e6 3.d4 cxd4 4.Nxd4 Nc6 5.Nb5 d6 6.c4 Nf6 7.N1c3 a6 8.Nd4 
Bd7 9.Nc2 Be7 10.Be2 O-O 11.Bf4 Ne5 12.O-O Rc8 13.Ne3 b5 14.cxb5 axb5 15.
a3 Qb6 16.Qb3 Qb7 17.Bg5 Bc6 18.Rfd1 Nxe4 19.Nxe4 Bxe4 20.Bxe7 Qxe7 21.Qb4
f5 22.Qxd6 Qf6 23.f4 Ng6 24.Bxb5 Qxb2 25.Bc4 Rc6 26.Qb4 Qf6 27.Rf1 Nxf4 
28.Bb5 Rb6 29.a4 Qg5 0-1

[Event "12th EUR-ch"]
[Site "Aix-les-Bains FRA"]
[Date "2011.03.31"]
[Round "9.32"]
[White "Guseinov, Gadir"]
[Black "Sargissian, Gabriel"]
[Result "1/2-1/2"]
[WhiteElo "2584"]
[BlackElo "2676"]
[EventDate "2011.03.22"]
[PlyCount "47"]

1.e4 e5 2.Nf3 Nc6 3.Bb5 a6 4.Bxc6 dxc6 5.O-O Bg4 6.h3 h5 7.d3 Qf6 8.Be3 
Bxf3 9.Qxf3 Qxf3 10.gxf3 Bd6 11.Nd2 Ne7 12.Rfd1 c5 13.Kf1 Nc6 14.c3 f6 15.
a3 a5 16.a4 O-O 17.Nc4 f5 18.exf5 Rxf5 19.Ke2 Raf8 20.Nd2 Nd8 21.Rg1 Kh7 
22.Rg2 g6 23.Rag1 Rg8 24.Ne4 1/2-1/2

[Event "12th EUR-ch"]
[Site "Aix-les-Bains FRA"]
[Date "2011.03.31"]
[Round "9.33"]
[White "Akopian, Vladimir"]
[Black "Jaracz, Pawel"]
[Result "1/2-1/2"]
[WhiteElo "2675"]
[BlackElo "2565"]
[EventDate "2011.03.22"]
[PlyCount "120"]

1.e4 c6 2.d4 d5 3.e5 Bf5 4.Nf3 e6 5.Be2 Nd7 6.O-O Ne7 7.Nbd2 Qc7 8.Nh4 c5 
9.dxc5 Qxe5 10.c4 Bc2 11.Qxc2 Qxe2 12.Nhf3 Nxc5 13.b4 Qd3 14.Qb2 Nd7 15.
Qb3 Qxb3 16.axb3 dxc4 17.bxc4 Nc6 18.b5 Nb4 19.Ne4 Nc5 20.Nfg5 Nbd3 21.
Nxc5 Nxc5 22.Be3 h6 23.Bxc5 Bxc5 24.Ne4 Be7 25.Rfd1 f5 26.Nd2 Bf6 27.Ra2 
Ke7 28.Nb3 a6 29.Nc5 Rhc8 30.Nxb7 axb5 31.Nd6 Rxa2 32.Nxc8+ Kf8 33.cxb5 
Rb2 34.Nd6 Bd4 35.Nc4 Rxb5 36.g4 Rd5 37.Re1 Rc5 38.Nd6 Be5 39.Nb7 Rd5 40.
gxf5 exf5 41.Kg2 Bf6 42.Re2 Be7 43.Ra2 Rd7 44.Rb2 Rd5 45.Ra2 Rd7 46.Rb2 
Kf7 47.Na5 Rc7 48.Rb5 Rc5 49.Rxc5 Bxc5 50.Nb3 Bb6 51.Nc1 Ke6 52.Nd3 Kd5 
53.Kf3 Bc7 54.h3 g5 55.Ke2 Bd6 56.f3 Kd4 57.Nf2 Kc4 58.Nd3 Kc3 59.Nf2 Bc5 
60.Nd3 Bd4 1/2-1/2

[Event "12th EUR-ch"]
[Site "Aix-les-Bains FRA"]
[Date "2011.03.31"]
[Round "9.34"]
[White "Halkias, Stelios"]
[Black "Grachev, Boris"]
[Result "1/2-1/2"]
[WhiteElo "2579"]
[BlackElo "2675"]
[EventDate "2011.03.22"]
[PlyCount "96"]

1.d4 e6 2.c4 d5 3.Nf3 Nf6 4.Nc3 Be7 5.Bg5 h6 6.Bh4 O-O 7.e3 b6 8.Qc2 c5 9.
Rd1 Nbd7 10.cxd5 Nxd5 11.Bxe7 Qxe7 12.Nxd5 exd5 13.dxc5 Nxc5 14.Be2 Qe4 
15.Qd2 Qg6 16.O-O Bh3 17.Nh4 Qg5 18.Qxd5 Qxh4 19.gxh3 Rad8 20.Qf3 Qa4 21.
b3 Qxa2 22.Rxd8 Rxd8 23.Bc4 Rf8 24.Rd1 Qc2 25.Rd6 Ne6 26.Rxe6 fxe6 27.
Bxe6+ Kh7 28.Qxf8 Qc1+ 29.Kg2 Qc6+ 30.Qf3 Qxe6 31.e4 a5 32.Qd3 Qc6 33.Kf1 
Kg6 34.Ke2 b5 35.h4 a4 36.h5+ Kf7 37.bxa4 bxa4 38.Kd2 Qe6 39.f4 Qa2+ 40.
Qc2 Qa1 41.Qc4+ Kf8 42.Qb4+ Kg8 43.Qc4+ Kh8 44.e5 Qb2+ 45.Kd1 Qb1+ 46.Kd2 
Qb2+ 47.Kd1 Qb1+ 48.Kd2 Qb2+ 1/2-1/2

[Event "12th EUR-ch"]
[Site "Aix-les-Bains FRA"]
[Date "2011.03.31"]
[Round "9.35"]
[White "Fridman, Daniel"]
[Black "Ter-Sahakyan, Samvel"]
[Result "1/2-1/2"]
[WhiteElo "2661"]
[BlackElo "2575"]
[EventDate "2011.03.22"]
[PlyCount "69"]

1.d4 d5 2.c4 c6 3.cxd5 cxd5 4.Nc3 Nf6 5.Bf4 Nc6 6.e3 Bg4 7.Qb3 Na5 8.Qa4+ 
Bd7 9.Bb5 Nc6 10.Nf3 a6 11.Be2 e6 12.O-O Be7 13.h3 O-O 14.Qd1 Rc8 15.Rc1 
Na5 16.Ne5 Nc4 17.Nxc4 dxc4 18.Bf3 Qb6 19.d5 exd5 20.Nxd5 Nxd5 21.Qxd5 Bc6
22.Qxc4 Qxb2 23.Rb1 Qf6 24.Bxc6 Rxc6 25.Qe4 b5 26.Bg5 Qe6 27.Qxe6 Rxe6 28.
Bxe7 Rxe7 29.a4 bxa4 30.Rb4 Re6 31.Rxa4 Rc8 32.Rfa1 Rcc6 33.g4 h6 34.Ra5 
g5 35.Kg2 1/2-1/2

[Event "12th EUR-ch"]
[Site "Aix-les-Bains FRA"]
[Date "2011.03.31"]
[Round "9.36"]
[White "Nyback, Tomi"]
[Black "Hovhannisyan, Robert"]
[Result "1/2-1/2"]
[WhiteElo "2656"]
[BlackElo "2560"]
[EventDate "2011.03.22"]
[PlyCount "89"]

1.d4 d5 2.c4 c6 3.Nf3 Nf6 4.e3 Bg4 5.Qb3 Qb6 6.Nc3 e6 7.Nh4 Bh5 8.h3 Qxb3 
9.axb3 Na6 10.Ra4 Nb4 11.g4 Bg6 12.Nxg6 hxg6 13.Bd2 Nxg4 14.c5 a5 15.Na2 
Nxa2 16.Rxa2 Be7 17.Rxa5 Rxa5 18.Bxa5 e5 19.Be2 Nh6 20.dxe5 Bxc5 21.Kd2 
Nf5 22.b4 Be7 23.b5 Bh4 24.Rf1 Bg5 25.bxc6 bxc6 26.Bg4 Kd7 27.Bc3 Ra8 28.
Kd3 c5 29.Rg1 Ke6 30.Ke2 Rd8 31.Rd1 Ke7 32.Ba5 Rb8 33.Rxd5 Rxb2+ 34.Rd2 
Rxd2+ 35.Kxd2 Nd4 36.Kd3 Ne6 37.Kc4 Bh4 38.f4 Bf2 39.Bd2 f5 40.exf6+ gxf6 
41.Kd5 f5 42.Be2 g5 43.Ke5 gxf4 44.exf4 Bg3 45.Bc4 1/2-1/2

[Event "12th EUR-ch"]
[Site "Aix-les-Bains FRA"]
[Date "2011.03.31"]
[Round "9.37"]
[White "Sjugirov, Sanan"]
[Black "Cornette, Matthieu"]
[Result "1-0"]
[WhiteElo "2643"]
[BlackElo "2548"]
[EventDate "2011.03.22"]
[PlyCount "83"]

1.e4 e5 2.Nf3 Nc6 3.Bb5 Nf6 4.d3 Bc5 5.c3 O-O 6.O-O d6 7.Bg5 Bb6 8.Bxc6 
bxc6 9.Nbd2 h6 10.Bh4 g5 11.Bg3 Nh5 12.a4 a5 13.Nc4 f5 14.exf5 Bxf5 15.d4 
e4 16.Nfd2 Nf4 17.Re1 d5 18.Nxb6 cxb6 19.f3 exf3 20.Bxf4 f2+ 21.Kxf2 Bg4 
22.Qc2 Rxf4+ 23.Kg1 Qd6 24.Qd3 Raf8 25.Rf1 Rxf1+ 26.Rxf1 Re8 27.Rf2 Bd1 
28.Qf1 Bh5 29.h3 Rf8 30.Rxf8+ Qxf8 31.Qa6 Qf4 32.Nf1 Bd1 33.Qc8+ Kg7 34.
Qe6 Bc2 35.Qxc6 Bd3 36.Qd7+ Kf8 37.Qd8+ Kg7 38.Qe7+ Kg8 39.Qe8+ Kg7 40.
Qe7+ Kg6 41.Qe6+ Qf6 42.Qg8+ 1-0

[Event "12th EUR-ch"]
[Site "Aix-les-Bains FRA"]
[Date "2011.03.31"]
[Round "9.38"]
[White "Pashikian, Arman"]
[Black "Mastrovasilis, Athanasios"]
[Result "1-0"]
[WhiteElo "2642"]
[BlackElo "2547"]
[EventDate "2011.03.22"]
[PlyCount "73"]

1.d4 Nf6 2.c4 e6 3.Nc3 d5 4.cxd5 Nxd5 5.e4 Nxc3 6.bxc3 c5 7.Nf3 cxd4 8.
cxd4 Bb4+ 9.Bd2 Bxd2+ 10.Qxd2 O-O 11.Bc4 b6 12.O-O Bb7 13.Rfe1 Nd7 14.a4 
Rc8 15.Bd3 e5 16.d5 Nc5 17.Bc4 Qd6 18.Qb2 f5 19.exf5 e4 20.Qe5 Rcd8 21.
Qxd6 Rxd6 22.Ng5 Bxd5 23.Rad1 Nd3 24.Nxe4 Bxc4 25.Nxd6 Nxe1 26.Nxc4 Nc2 
27.g4 h5 28.h3 hxg4 29.hxg4 Re8 30.Kf1 Kh7 31.Rd2 Re1+ 32.Kg2 Rc1 33.Ne5 
Ne1+ 34.Kg3 Rc5 35.f4 Rc2 36.Rd7 Rg2+ 37.Kh3 1-0

[Event "12th EUR-ch"]
[Site "Aix-les-Bains FRA"]
[Date "2011.03.31"]
[Round "9.39"]
[White "Zhigalko, Andrey"]
[Black "Alexandrov, Alexei"]
[Result "1/2-1/2"]
[WhiteElo "2571"]
[BlackElo "2638"]
[EventDate "2011.03.22"]
[PlyCount "136"]

1.d4 Nf6 2.c4 e6 3.Nc3 d5 4.cxd5 exd5 5.Bg5 c6 6.Qc2 Na6 7.e3 Nb4 8.Qb1 h6
9.Bh4 g6 10.Qd1 g5 11.Bg3 Bg4 12.f3 Bf5 13.Kf2 a5 14.a3 Na6 15.Bd3 Qd7 16.
Nge2 Bg7 17.h4 g4 18.h5 O-O 19.Bf4 Bxd3 20.Qxd3 Nh7 21.fxg4 Qxg4 22.Ng3 f5
23.Kg1 Ng5 24.Rf1 Rae8 25.Bxg5 Qxg5 26.Nxf5 Rxf5 27.Qxf5 Qxf5 28.Rxf5 Rxe3
29.Rh4 Nc7 30.Rf3 Rxf3 31.gxf3 Ne6 32.Ne2 Kf7 33.b3 Bf6 34.Rg4 Bg5 35.Kf2 
Ng7 36.Ng3 Be7 37.a4 b6 38.Ke3 Bg5+ 39.Kd3 Ne6 40.Ne2 Ng7 41.Ng3 Ne6 42.
Ne2 Ng7 43.f4 Bf6 44.Rg1 c5 45.Rg6 Nf5 46.Nc3 Ne7 47.Rxh6 Kg7 48.Rg6+ Nxg6
49.hxg6 c4+ 50.bxc4 dxc4+ 51.Kxc4 Kxg6 52.Nd5 Bd8 53.Kd3 Kf5 54.Ke3 b5 55.
axb5 a4 56.Kf3 a3 57.Ne3+ Ke6 58.Ke4 a2 59.Nc2 Kd6 60.Kd3 Kc7 61.Kc3 Kb6 
62.Kb3 Kxb5 63.Na3+ Kc6 64.Kxa2 Kd5 65.Nc2 Ke4 66.Kb3 Bf6 67.Kc4 Bxd4 68.
Nxd4 Kxf4 1/2-1/2

[Event "12th EUR-ch"]
[Site "Aix-les-Bains FRA"]
[Date "2011.03.31"]
[Round "9.41"]
[White "Popov, Valerij"]
[Black "Khalifman, Alexander"]
[Result "0-1"]
[WhiteElo "2565"]
[BlackElo "2637"]
[EventDate "2011.03.22"]
[PlyCount "50"]

1.e4 c5 2.Nf3 e6 3.g3 d5 4.exd5 exd5 5.d4 Nf6 6.Bg2 Be7 7.Be3 cxd4 8.Nxd4 
O-O 9.O-O Nc6 10.h3 Re8 11.Nc3 h6 12.Nde2 Bb4 13.Kh2 Be6 14.a3 Ba5 15.Na4 
Bf5 16.Nac3 Qd7 17.Nb5 Ne5 18.Nbd4 Be4 19.b3 Neg4+ 20.hxg4 Nxg4+ 21.Kg1 
Bxg2 22.Kxg2 Rxe3 23.Nf4 Rd8 24.Rh1 Re4 25.Rc1 Nxf2 0-1

[Event "12th EUR-ch"]
[Site "Aix-les-Bains FRA"]
[Date "2011.03.31"]
[Round "9.42"]
[White "Safarli, Eltaj"]
[Black "Maze, Sebastien"]
[Result "1/2-1/2"]
[WhiteElo "2628"]
[BlackElo "2559"]
[EventDate "2011.03.22"]
[PlyCount "96"]

1.e4 e5 2.Nf3 Nc6 3.Bb5 Nf6 4.Qe2 Bc5 5.c3 O-O 6.d3 Re8 7.Bg5 h6 8.Bh4 Be7
9.Nbd2 d6 10.Nf1 Bd7 11.Ne3 Ng4 12.Bg3 Bf8 13.Ba4 a5 14.O-O Ne7 15.Bxd7 
Qxd7 16.Nh4 Nxe3 17.fxe3 g6 18.d4 Bg7 19.dxe5 dxe5 20.Qc4 Rf8 21.Rad1 Qc6 
22.Qxc6 Nxc6 23.Rd7 Rac8 24.a4 Nb8 25.Rd5 Nc6 26.Nf3 Rfe8 27.Nd2 b6 28.Nc4
f6 29.h3 Re6 30.Kf2 Bf8 31.Ke2 Nb8 32.Nd2 Na6 33.Nb3 Bd6 34.Kd1 Kf7 35.Kc2
Ree8 36.Bh4 g5 37.Be1 Ke6 38.c4 Be7 39.Bc3 c6 40.Rd2 h5 41.g3 Rh8 42.Rdf2 
Rh6 43.Rd1 Nc5 44.Nxc5+ Bxc5 45.Rd3 Rh7 46.Rf5 h4 47.g4 Rb7 48.Rf1 Be7 
1/2-1/2

[Event "12th EUR-ch"]
[Site "Aix-les-Bains FRA"]
[Date "2011.03.31"]
[Round "9.43"]
[White "Saric, Ivan"]
[Black "Rogozenco, Dorian"]
[Result "1-0"]
[WhiteElo "2626"]
[BlackElo "2553"]
[EventDate "2011.03.22"]
[PlyCount "97"]

1.e4 c5 2.Nf3 Nc6 3.d4 cxd4 4.Nxd4 e5 5.Nb5 d6 6.N1c3 a6 7.Na3 Be7 8.Nc4 
b5 9.Ne3 Nf6 10.g3 O-O 11.Bg2 b4 12.Ncd5 Nxd5 13.Nxd5 Bg5 14.Bxg5 Qxg5 15.
O-O Bb7 16.a3 bxa3 17.Rxa3 a5 18.c3 Rab8 19.Qa4 Ba8 20.Nc7 Rfc8 21.Nxa8 
Rxa8 22.Rd1 Qe7 23.Bh3 Rc7 24.Bf1 Nd8 25.Bc4 Rb8 26.Rb3 Rxb3 27.Bxb3 Rc5 
28.Bd5 h5 29.h4 Ne6 30.Qb3 Nf8 31.Qb8 Kh7 32.Ba2 Rc7 33.Qb6 Rd7 34.Qxa5 g5
35.hxg5 h4 36.gxh4 Ng6 37.Qb6 Ra7 38.Bc4 Qd7 39.Be2 Nf4 40.Qe3 Ra2 41.Rb1 
Kg7 42.Kh2 Qa4 43.Bg4 Qc2 44.Rd1 Qxb2 45.Rxd6 Qb8 46.Rb6 Qd8 47.Rf6 Qh8 
48.h5 Nxh5 49.Rh6 1-0

[Event "12th EUR-ch"]
[Site "Aix-les-Bains FRA"]
[Date "2011.03.31"]
[Round "9.44"]
[White "Alsina Leal, Daniel"]
[Black "Vuckovic, Bojan"]
[Result "1/2-1/2"]
[WhiteElo "2538"]
[BlackElo "2626"]
[EventDate "2011.03.22"]
[PlyCount "129"]

1.d4 Nf6 2.c4 g6 3.g3 Bg7 4.Bg2 O-O 5.Nc3 d6 6.Nf3 Nc6 7.O-O a6 8.h3 Rb8 
9.e4 b5 10.cxb5 axb5 11.e5 Nd7 12.Ng5 Nxd4 13.Qxd4 Nxe5 14.Qh4 h6 15.Nf3 
Nxf3+ 16.Bxf3 g5 17.Qh5 b4 18.Nd5 e6 19.Ne3 f5 20.Bg2 c5 21.Qe2 d5 22.Rd1 
Qb6 23.Rb1 Ba6 24.Qc2 c4 25.Nxd5 exd5 26.Bxd5+ Kh8 27.Be3 b3 28.axb3 Qxb3 
29.Qe2 Rbe8 30.Qf3 Rd8 31.Bd4 Bxd4 32.Qxb3 cxb3 33.Rxd4 Rf6 34.Rdd1 Be2 
35.Bxb3 Bxd1 36.Bxd1 Rb6 37.b3 Kg7 38.Be2 Rd4 39.Kf1 Kf6 40.Rb2 f4 41.Rb1 
Rdb4 42.Bd1 Rc6 43.Kg2 fxg3 44.Kxg3 Rc3+ 45.Kg2 Rd3 46.Bc2 Rd2 47.Bd1 Ra2 
48.Rc1 Rb6 49.Rc3 Rd6 50.Bh5 Rdd2 51.Rf3+ Ke5 52.Bf7 Ra1 53.Bc4 Rdd1 54.
Re3+ Kd4 55.Re6 Rh1 56.f3 h5 57.Re4+ Kc3 58.Re3+ Kb4 59.Re4 Ka3 60.f4 
Rag1+ 61.Kf2 g4 62.hxg4 Rxg4 63.Be6 Rh2+ 64.Kf3 Rg1 65.Re3 1/2-1/2

[Event "12th EUR-ch"]
[Site "Aix-les-Bains FRA"]
[Date "2011.03.31"]
[Round "9.45"]
[White "Sanikidze, Tornike"]
[Black "Romanov, Evgeny"]
[Result "1/2-1/2"]
[WhiteElo "2542"]
[BlackElo "2624"]
[EventDate "2011.03.22"]
[PlyCount "49"]

1.d4 Nf6 2.c4 e6 3.Nf3 b6 4.a3 Bb7 5.Nc3 Ne4 6.Nxe4 Bxe4 7.Bf4 Be7 8.e3 a5
9.Bd3 Bxd3 10.Qxd3 d6 11.O-O a4 12.e4 O-O 13.Rad1 Nd7 14.Rfe1 Re8 15.h3 
Nf8 16.Qc2 Qd7 17.Re3 Ng6 18.Bh2 Red8 19.Rc3 Rac8 20.Rcd3 Qe8 21.Bg3 h6 
22.R1d2 Kh8 23.Rd1 Kg8 24.R1d2 Kh8 25.Rd1 1/2-1/2

[Event "12th EUR-ch"]
[Site "Aix-les-Bains FRA"]
[Date "2011.03.31"]
[Round "9.46"]
[White "Lenic, Luka"]
[Black "Apicella, Manuel"]
[Result "1-0"]
[WhiteElo "2623"]
[BlackElo "2531"]
[EventDate "2011.03.22"]
[PlyCount "69"]

1.d4 e6 2.c4 Bb4+ 3.Bd2 Qe7 4.g3 Nf6 5.Bg2 O-O 6.e3 Bxd2+ 7.Nxd2 d6 8.Ne2 
e5 9.O-O Nc6 10.d5 Nb8 11.h3 c5 12.g4 Bd7 13.Ng3 b5 14.f4 Na6 15.cxb5 Bxb5
16.Nf5 Qd8 17.fxe5 dxe5 18.d6 Bxf1 19.Qxf1 Nb4 20.a3 Nc2 21.Rc1 Nxe3 22.
Nxe3 Rb8 23.Ndc4 Nd7 24.Nd5 Qh4 25.Qf5 Rbd8 26.Ne7+ Kh8 27.Nc6 g6 28.Qf2 
Qg5 29.Qd2 Qxd2 30.Nxd2 Rde8 31.g5 Re6 32.Ne4 h5 33.h4 f5 34.gxf6 Nxf6 35.
Rd1 1-0

[Event "12th EUR-ch"]
[Site "Aix-les-Bains FRA"]
[Date "2011.03.31"]
[Round "9.47"]
[White "Volkov, Sergey"]
[Black "Kabanov, Nikolai"]
[Result "1-0"]
[WhiteElo "2621"]
[BlackElo "2524"]
[EventDate "2011.03.22"]
[PlyCount "87"]

1.d4 d6 2.c4 e5 3.Nf3 e4 4.Ng5 f5 5.Nc3 h6 6.Nh3 g5 7.f3 Nf6 8.Nf2 Qe7 9.
e3 exf3 10.gxf3 Bg7 11.Bg2 Nc6 12.Nd5 Qf7 13.f4 Nxd5 14.Bxd5 Qg6 15.Nd3 
Kd8 16.Bg2 Re8 17.d5 Na5 18.Qc2 b6 19.Rb1 Nb7 20.b4 a5 21.a3 axb4 22.axb4 
Bd4 23.Kf2 Bf6 24.Re1 Bd7 25.Kg1 g4 26.c5 Ba4 27.Qd2 Ke7 28.c6 Nd8 29.e4 
Kf8 30.e5 Bh4 31.Re3 Nf7 32.Bb2 h5 33.Ra1 Bb5 34.Rxa8 Rxa8 35.exd6 Nxd6 
36.Re6 Qh7 37.Ne5 Re8 38.Ng6+ Qxg6 39.Rxg6 Re1+ 40.Qxe1 Bxe1 41.Rf6+ Kg8 
42.Rxd6 cxd6 43.Bf1 Bxf1 44.Kxf1 1-0

[Event "12th EUR-ch"]
[Site "Aix-les-Bains FRA"]
[Date "2011.03.31"]
[Round "9.48"]
[White "Macieja, Bartlomiej"]
[Black "Guliyev, Namig"]
[Result "0-1"]
[WhiteElo "2619"]
[BlackElo "2522"]
[EventDate "2011.03.22"]
[PlyCount "122"]

1.e4 c5 2.Nf3 d6 3.d4 cxd4 4.Qxd4 a6 5.c4 Nc6 6.Qe3 g6 7.h3 Bg7 8.Nc3 Nf6 
9.Be2 O-O 10.O-O Nd7 11.Rb1 b6 12.b4 Bb7 13.Na4 a5 14.b5 Nce5 15.Nd2 Nc5 
16.Nxc5 dxc5 17.Bb2 f6 18.Rbd1 Qc7 19.Nb1 e6 20.Nc3 Rad8 21.Na4 Rxd1 22.
Rxd1 Rd8 23.Rxd8+ Qxd8 24.f4 Nf7 25.f5 e5 26.Qd3 Qc7 27.fxg6 hxg6 28.Bg4 
Nd6 29.Be6+ Kh7 30.Bd5 Bc8 31.Bc3 Bh6 32.Be1 Kg7 33.Bh4 Bd7 34.Bf2 Nc8 35.
Qa3 Kh7 36.Nxb6 Nxb6 37.Qxc5 Qxc5 38.Bxc5 Na4 39.Bf2 Bf8 40.b6 Nc5 41.b7 
Na6 42.Bb6 Bd6 43.Bxa5 Kg7 44.Bb6 Bb8 45.a3 Kf8 46.Bd8 f5 47.exf5 gxf5 48.
Kf2 Nc7 49.Bxc7 Bxc7 50.c5 Ke7 51.Kf3 Ba4 52.Ke3 Kf6 53.g4 f4+ 54.Kf3 Bd1+
55.Kf2 Kg5 56.Be4 Kh4 57.Kg2 Bb8 58.c6 Bc7 59.Kf2 Bb3 60.Kg2 Bb8 61.Kh2 f3
0-1

[Event "12th EUR-ch"]
[Site "Aix-les-Bains FRA"]
[Date "2011.03.31"]
[Round "9.49"]
[White "Le Roux, Jean-Pierre"]
[Black "Azarov, Sergei"]
[Result "0-1"]
[WhiteElo "2538"]
[BlackElo "2615"]
[EventDate "2011.03.22"]
[PlyCount "81"]

1.Nf3 Nf6 2.c4 g6 3.d4 Bg7 4.Nc3 d5 5.cxd5 Nxd5 6.g3 Nb6 7.Bg2 Nc6 8.e3 
O-O 9.O-O Re8 10.Re1 a5 11.Qe2 Be6 12.Nd2 Nb4 13.Rd1 c6 14.a3 N4d5 15.Rb1 
Qc8 16.e4 Nxc3 17.bxc3 Na4 18.Qe3 Bg4 19.Re1 e5 20.Nc4 exd4 21.cxd4 Qe6 
22.Ne5 Bxe5 23.dxe5 b5 24.Qh6 Qxe5 25.Bf4 Qe7 26.e5 Nc3 27.Bg5 Qf8 28.Qh4 
h5 29.h3 Nxb1 30.hxg4 Nxa3 31.gxh5 Re6 32.Bf6 Qh6 33.g4 Rae8 34.Re4 Nc4 
35.f4 a4 36.f5 Rxe5 37.Bxe5 Nxe5 38.fxg6 fxg6 39.g5 Qxh5 40.Qg3 Qd1+ 41.
Kh2 0-1

[Event "12th EUR-ch"]
[Site "Aix-les-Bains FRA"]
[Date "2011.03.31"]
[Round "9.50"]
[White "Anisimov, Pavel"]
[Black "Popov, Ivan"]
[Result "0-1"]
[WhiteElo "2532"]
[BlackElo "2613"]
[EventDate "2011.03.22"]
[PlyCount "100"]

1.d4 d5 2.Bg5 f6 3.Bh4 Nh6 4.f3 c6 5.c3 e5 6.e4 Qb6 7.Qd2 Be6 8.Bf2 Qc7 9.
Bd3 Nd7 10.Ne2 O-O-O 11.Na3 dxe4 12.fxe4 Ng4 13.Bg3 Bxa3 14.bxa3 h5 15.
O-O-O h4 16.Be1 Qa5 17.Kb2 h3 18.gxh3 Rxh3 19.Bg3 Nb6 20.Ka1 Nc4 21.Bxc4 
Bxc4 22.Nc1 Qxa3 23.Qb2 Qxb2+ 24.Kxb2 Rxg3 25.hxg3 Nf2 26.Rhe1 Nxd1+ 27.
Rxd1 c5 28.d5 Rh8 29.Nb3 b6 30.Nd2 Rh2 31.Kc2 Be2 32.Rg1 c4 33.g4 g5 34.
Rg3 b5 35.a3 a5 36.Kc1 Kd7 37.Nf3 Rh1+ 38.Kd2 Bd3 39.Ke3 Rc1 40.Rh3 Rxc3 
41.Rh7+ Kd6 42.Nd2 Bf1+ 43.Kf2 Rc2 44.Ke3 Rc3+ 45.Kf2 Bh3 46.Rb7 Rd3 47.
Rb6+ Kc5 48.Rc6+ Kd4 49.Ke1 Bxg4 50.d6 c3 0-1

[Event "12th EUR-ch"]
[Site "Aix-les-Bains FRA"]
[Date "2011.03.31"]
[Round "9.51"]
[White "Esen, Baris"]
[Black "Grigoryan, Avetik"]
[Result "1-0"]
[WhiteElo "2528"]
[BlackElo "2608"]
[EventDate "2011.03.22"]
[PlyCount "119"]

1.d4 d5 2.c4 c6 3.Nf3 Nf6 4.Nc3 e6 5.e3 Nbd7 6.Bd3 dxc4 7.Bxc4 b5 8.Bd3 
Bd6 9.O-O O-O 10.Qc2 Bb7 11.a3 Qe7 12.e4 e5 13.Ne2 Rfe8 14.Ng3 g6 15.Bg5 
exd4 16.Nxd4 Rac8 17.Kh1 Bb8 18.f4 c5 19.Ndf5 gxf5 20.e5 Bxe5 21.fxe5 Qxe5
22.Bxb5 Be4 23.Nxe4 fxe4 24.Bxf6 Nxf6 25.Bxe8 Rxe8 26.Qf2 Kg7 27.Rae1 Rb8 
28.Re2 h5 29.Qf5 Re8 30.Rc2 Qxf5 31.Rxf5 Ng4 32.Re2 Kg6 33.Rxc5 f5 34.h3 
Ne5 35.Kh2 h4 36.b4 Nd3 37.Rc7 Nf4 38.Re1 Rd8 39.Rf1 Nh5 40.Rxa7 Rd2 41.
Ra8 Ng3 42.Rc1 Ne2 43.Rf1 f4 44.Rg8+ Kf5 45.Rf8+ Kg5 46.b5 Rb2 47.a4 e3 
48.a5 Rxb5 49.Ra1 Rb7 50.a6 Ra7 51.Ra5+ Kg6 52.Rb8 f3 53.gxf3 Nd4 54.Rb6+ 
Kf7 55.Rb7+ Kf6 56.Rxa7 e2 57.Rf7+ Ke6 58.Re7+ Kxe7 59.Re5+ Kf6 60.Re4 1-0

[Event "12th EUR-ch"]
[Site "Aix-les-Bains FRA"]
[Date "2011.03.31"]
[Round "9.52"]
[White "Durarbeyli, Vasif"]
[Black "Papaioannou, Ioannis"]
[Result "0-1"]
[WhiteElo "2510"]
[BlackElo "2605"]
[EventDate "2011.03.22"]
[PlyCount "92"]

1.e4 c5 2.Nf3 e6 3.d4 cxd4 4.Nxd4 Nf6 5.Nc3 d6 6.Be3 Be7 7.f3 O-O 8.Qd2 e5
9.Nb3 Be6 10.O-O-O a5 11.Bb5 Na6 12.Kb1 Nc7 13.g4 Qb8 14.a4 d5 15.exd5 
Ncxd5 16.Nxd5 Nxd5 17.Nc5 Bxc5 18.Bxc5 Rd8 19.Qf2 b6 20.Ba3 Qb7 21.Rd2 Nf4
22.Rhd1 Rxd2 23.Qxd2 h6 24.Qe3 Rc8 25.Rd6 Kh8 26.h4 f6 27.Rxb6 Qd5 28.Rd6 
Qa2+ 29.Kc1 Qa1+ 30.Kd2 Qh1 31.Rc6 Qg2+ 32.Kc1 Qh1+ 33.Kd2 Rd8+ 34.Rd6 
Rxd6+ 35.Bxd6 Bd5 36.Qc3 Ng2 37.Ke2 Nf4+ 38.Kd2 Ng2 39.Ke2 Qxh4 40.Bd3 
Nf4+ 41.Ke3 Qh2 42.Qxa5 Bg8 43.Bb5 Nd5+ 44.Ke4 Qf4+ 45.Kd3 Qe3+ 46.Kc4 
Nc3+ 0-1

[Event "12th EUR-ch"]
[Site "Aix-les-Bains FRA"]
[Date "2011.03.31"]
[Round "9.53"]
[White "Kulaots, Kaido"]
[Black "Fauland, Alexander"]
[Result "1-0"]
[WhiteElo "2601"]
[BlackElo "2461"]
[EventDate "2011.03.22"]
[PlyCount "53"]

1.e4 c6 2.d4 d5 3.exd5 cxd5 4.c4 Nf6 5.Nc3 Nc6 6.Bg5 Be6 7.Be2 Qa5 8.Nf3 
dxc4 9.O-O Rd8 10.Re1 h6 11.Bxf6 gxf6 12.Bf1 Bg7 13.Rxe6 fxe6 14.Bxc4 f5 
15.Bxe6 Nxd4 16.Nxd4 Rxd4 17.Qh5+ Kd8 18.Qf7 Bf6 19.Nd5 Qd2 20.Rf1 Qe2 21.
g3 Rxd5 22.Bxd5 Qxb2 23.Bf3 Kc7 24.Rd1 Qb5 25.a4 Qxa4 26.Rb1 Qd4 27.Qe6 
1-0

[Event "12th EUR-ch"]
[Site "Aix-les-Bains FRA"]
[Date "2011.03.31"]
[Round "9.54"]
[White "Reinderman, Dimitri"]
[Black "Dembo, Yelena"]
[Result "1-0"]
[WhiteElo "2601"]
[BlackElo "2457"]
[EventDate "2011.03.22"]
[PlyCount "117"]

1.c4 g6 2.g3 Bg7 3.Bg2 d6 4.Nc3 e5 5.d3 f5 6.e4 Nf6 7.Nge2 O-O 8.O-O Nc6 
9.Nd5 h6 10.Be3 Be6 11.exf5 gxf5 12.b4 Bxd5 13.cxd5 Ne7 14.Qb3 Ng6 15.Rac1
Rf7 16.Rc4 Qf8 17.Rfc1 Ne8 18.f4 Qe7 19.Bf2 h5 20.Bf3 h4 21.Bh5 hxg3 22.
hxg3 Rf6 23.Re1 Qd7 24.Kg2 Qf7 25.Rh1 Bh6 26.Be3 b5 27.Rc2 Qg7 28.Kf2 Rf7 
29.Bc1 Nf6 30.Kf1 Ng4 31.d4 exf4 32.gxf4 Re8 33.Qh3 Kh7 34.Ng3 Ne3+ 35.
Bxe3 Rxe3 36.Bxg6+ Qxg6 37.Kf2 Rd3 38.Re2 Qf6 39.Re3 Rxd4 40.Ne2 Re4 41.
Rxe4 fxe4 42.Ke3 Re7 43.Qh4 Qxh4 44.Rxh4 Kg6 45.Nd4 Bg7 46.Rg4+ Kh7 47.
Nxb5 a6 48.Na7 Bb2 49.Rg1 Re8 50.Nc6 Kh6 51.a4 Kh7 52.b5 Kh6 53.Rb1 Bc3 
54.b6 cxb6 55.Rxb6 Ra8 56.Kxe4 Kg6 57.Kd3 Be1 58.Rb1 Bh4 59.Rb8 1-0

[Event "12th EUR-ch"]
[Site "Aix-les-Bains FRA"]
[Date "2011.03.31"]
[Round "9.55"]
[White "Edouard, Romain"]
[Black "Roser, Kevin"]
[Result "1/2-1/2"]
[WhiteElo "2600"]
[BlackElo "2423"]
[EventDate "2011.03.22"]
[PlyCount "145"]

1.e4 c5 2.Nf3 Nc6 3.d4 cxd4 4.Nxd4 e6 5.Nc3 Qc7 6.Be3 a6 7.Qd2 Nf6 8.O-O-O
Bb4 9.f3 Ne5 10.Nb3 b5 11.Kb1 Nc4 12.Bxc4 bxc4 13.Nc1 Rb8 14.N1e2 O-O 15.
Bf4 e5 16.Bg5 Ne8 17.h4 Qa5 18.h5 f6 19.Be3 Nc7 20.h6 g6 21.Ka1 d6 22.Qc1 
Be6 23.Bd2 Rfd8 24.a3 Nb5 25.Nd5 Bxd2 26.Rxd2 Bxd5 27.Rxd5 Qb6 28.Rhd1 Qf2
29.R5d2 Qe3 30.c3 Rb6 31.Rc2 Qxc1+ 32.Rcxc1 Kf7 33.Ng3 Nc7 34.Nf1 Ke6 35.
Ne3 Rc6 36.g3 f5 37.exf5+ gxf5 38.f4 Rg8 39.fxe5 dxe5 40.Rf1 Rg5 41.Rcd1 
Ne8 42.Rd8 Nd6 43.Rd1 Rg6 44.a4 Nf7 45.Re8+ Kf6 46.Nxf5 Kxf5 47.Rf1+ Ke4 
48.Rf4+ Kd5 49.Rxf7 Rxh6 50.Rfe7 Rh5 51.g4 Rg5 52.Rxh7 Rxg4 53.Rd7+ Rd6 
54.Rxd6+ Kxd6 55.Ra8 e4 56.Rxa6+ Ke5 57.Ra8 e3 58.Kb1 Ke4 59.Kc2 Rg2+ 60.
Kd1 Rxb2 61.a5 Kd3 62.Rd8+ Kxc3 63.Re8 Rd2+ 64.Ke1 Kd3 65.Rd8+ Kc2 66.Rc8 
c3 67.a6 Kd3 68.a7 c2 69.Rd8+ Kc3 70.Rc8+ Kd3 71.Rd8+ Kc4 72.Rc8+ Kd3 73.
Rd8+ 1/2-1/2

[Event "12th EUR-ch"]
[Site "Aix-les-Bains FRA"]
[Date "2011.03.31"]
[Round "9.56"]
[White "Nikolic, Predrag"]
[Black "Vedmediuc, Serghei"]
[Result "0-1"]
[WhiteElo "2596"]
[BlackElo "2422"]
[EventDate "2011.03.22"]
[PlyCount "98"]

1.d4 Nf6 2.c4 g6 3.Nf3 Bg7 4.g3 O-O 5.Bg2 d6 6.O-O c5 7.d5 e6 8.dxe6 Bxe6 
9.Ng5 Bxc4 10.Bxb7 Nbd7 11.Na3 Rb8 12.Nxc4 Rxb7 13.Nxd6 Rb4 14.Qc2 Qe7 15.
a3 Rb6 16.Nc4 Ra6 17.Nh3 Re8 18.Nf4 Qe4 19.Qxe4 Rxe4 20.Nd2 Re8 21.Re1 Nb6
22.Ra2 Nfd5 23.Nb3 c4 24.Nc5 Nb4 25.Ra1 Nc2 26.Rb1 Nxe1 27.Nxa6 g5 28.Kf1 
gxf4 29.Kxe1 fxg3 30.hxg3 Na4 31.b4 Rd8 32.Be3 Bb2 33.f3 c3 34.Rd1 Re8 35.
Bf4 c2 36.Rd7 Nc3 37.Rc7 Nxe2 38.Rxc2 Nxf4+ 39.Kf1 Nd3 40.a4 Re1+ 41.Kg2 
Re6 42.Rc8+ Kg7 43.b5 Ne1+ 44.Kf1 Nxf3 45.Nc7 Nd2+ 46.Kg2 Re2+ 47.Kh3 Nf1 
48.Kg4 Re4+ 49.Kf3 Nd2+ 0-1

[Event "12th EUR-ch"]
[Site "Aix-les-Bains FRA"]
[Date "2011.03.31"]
[Round "9.57"]
[White "Ziska, Helgi Dam"]
[Black "Pantsulaia, Levan"]
[Result "1/2-1/2"]
[WhiteElo "2432"]
[BlackElo "2595"]
[EventDate "2011.03.22"]
[PlyCount "120"]

1.e4 c6 2.d4 d5 3.Nc3 dxe4 4.Nxe4 Bf5 5.Ng3 Bg6 6.h4 h6 7.Nf3 e6 8.h5 Bh7 
9.Bd3 Bxd3 10.Qxd3 Nf6 11.Bd2 Be7 12.O-O-O O-O 13.Qe2 Nbd7 14.Nf1 c5 15.g4
cxd4 16.g5 hxg5 17.Bxg5 Qa5 18.Kb1 Qa6 19.Qxa6 bxa6 20.Nxd4 Rfc8 21.Nf3 
Bf8 22.Ne3 Rab8 23.h6 Rb7 24.hxg7 Bxg7 25.Bh6 Bxh6 26.Rxh6 Rc5 27.Rh4 a5 
28.a3 Kf8 29.Nd4 a4 30.Re1 Ne5 31.Rf4 Ke7 32.Ne2 Rcb5 33.Nd1 Nd5 34.Rxa4 
Nf3 35.Rh1 Rc5 36.Nd4 Nd2+ 37.Kc1 Nc4 38.Nb3 Rcc7 39.Rxc4 Rxc4 40.Na5 Rbc7
41.Nxc4 Rxc4 42.Rh8 Rc7 43.b3 Kf6 44.c4 Nf4 45.Rd8 Ke5 46.Nc3 a6 47.Kc2 f5
48.Rd2 Rc8 49.Na2 Ke4 50.Nc3+ Kf3 51.Nd1 a5 52.Nb2 e5 53.b4 axb4 54.axb4 
e4 55.c5 Ne6 56.Nc4 Nxc5 57.bxc5 Rxc5 58.Kc3 Rc8 59.Ra2 f4 60.Kd4 Rd8+ 
1/2-1/2